{"text_format":"1","workbook":"xlsx","n_sheets":3,"sheets":["Hoja1","Hoja2","Hoja3"],"not_rendered":{"charts":0,"images":0,"macros":1,"external_links":0,"defined_names":0,"comments":0,"pivot_tables":0},"unopened":[],"bounds":{"document_bytes":16777216,"sheet_cells":100000,"rows_first":2000,"rows_last":500,"rows_between":2000,"halvings":0,"cell_chars":16384,"cell_head_chars":4096},"cells_cut":0,"cells_raw":0,"read":"whole","date_system":"1900"}

{"sheet":"Hoja1","index":0,"n_rows":21,"n_cols":5,"rows_kept":21,"cut":false,"hidden":false,"merged":[]}
["Largo ","Ancho","Area total",null,"Nombre"]
[2,4,8,"m2","Almacen MP"]
[2,3,6,"m2","Destrocadora"]
[13,4,52,"m2","Recocido 1"]
[13,12,156,"m2","Recocido 2"]
[32,43,1376,"m2","Laminadora"]
[2,4,8,"m2","Almacen MP"]
[2,3,6,"m2","Destrocadora"]
[13,4,52,"m2","Recocido 3"]
[13,12,156,"m2","Recocido 4"]
[32,43,1376,"m2","Laminadora"]
[2,4,8,"m2","Almacen MP"]
[2,3,6,"m2","Destrocadora"]
[13,4,52,"m2","Recocido 5"]
[13,12,156,"m2","Recocido 6"]
[32,43,1376,"m2","Laminadora"]
[2,4,8,"m2","Almacen MP"]
[2,3,6,"m2","Destrocadora"]
[13,4,52,"m2","Recocido 7"]
[13,12,156,"m2","Recocido 8"]
[32,43,1376,"m2","Laminadora"]

{"sheet":"Hoja2","index":1,"n_rows":0,"n_cols":0,"rows_kept":0,"cut":false,"hidden":false,"merged":[]}

{"sheet":"Hoja3","index":2,"n_rows":0,"n_cols":0,"rows_kept":0,"cut":false,"hidden":false,"merged":[]}